000 00270nam a2200109 4500
999 _c11598
_d11598
003 OSt
005 20230531192159.0
008 230531b ||||| |||| 00| 0 eng d
100 _aRupert spade
245 _aRichard neutra library of contemporary architects
942 _2ddc